00576cam a2200217 a 450000100060000000300080000600500170001400800410003103500190007204000260009104100080011708200200012510000200014524500380016526000370020330000320024049000180027250400190029060000310030983000180034024040BD-RJUL20211209001013.0140312s1953 xx 001 0 eng d a(BD-RjUL)24105 aBD-RjULbengcBD-RjUL aeng a926.1bJOE 19531 aJoyce, Michael.10aEdward Gibbon /cby Michael Joyce aLondon :bLongmans, Green,c1953 aix, 176 p. :bill. ;c19 cm1 aMen and books aIncludes index10aGibbon, Edward,d1737-1794 0aMen and books